Cela, mi padre / (Record no. 6809)

MARC details
000 -LEADER
campo de control de longitud fija 00745nam a2200241 i 4500
001 - NÚMERO DE CONTROL
campo de control 6809
003 - IDENTIFICADOR DE NÚMERO DE CONTROL
campo de control ES-MaACL
005 - FECHA Y HORA DE LA ÚLTIMA TRANSACCIÓN
campo de control 20231207062955.0
008 - DATOS DE LONGITUD FIJA--INFORMACIÓN GENERAL
campo de control de longitud fija 900601s1989 sp ||||1| spa d
020 ## - NÚMERO INTERNACIONAL ESTÁNDAR DEL LIBRO
Número Internacional Estándar del Libro 84-7880-000-X
080 ## - NÚMERO DE LA CLASIFICACIÓN DECIMAL UNIVERSAL
Número de la Clasificación Decimal Universal 929 Cela, Camilo Jose
100 1# - ENTRADA PRINCIPAL--NOMBRE DE PERSONA
Nombre de persona Cela Conde, Camilo José,
Fechas asociadas al nombre 1946-
9 (RLIN) 37340
245 10 - MENCIÓN DEL TÍTULO
Título Cela, mi padre /
Mención de responsabilidad, etc. Camilo José Cela Conde.
250 ## - MENCION DE EDICION
Mención de edición 3ª ed.
260 ## - PUBLICACIÓN, DISTRIBUCIÓN, ETC.
Lugar de publicación, distribución, etc. Madrid :
Nombre del editor, distribuidor, etc. Temas de Hoy,
Fecha de publicación, distribución, etc. 1989.
300 ## - DESCRIPCIÓN FÍSICA
Extensión 255 p., 32 p. de lam. ;
Dimensiones 21 cm.
490 1# - MENCIÓN DE SERIE
Mención de serie Hombres de hoy ;
Designación de volumen o secuencia 11
500 ## - NOTA GENERAL
Nota general Indice onomástico.
600 14 - PUNTO DE ACCESO ADICIONAL DE MATERIA--NOMBRE DE PERSONA
Nombre de persona Cela, Camilo José,
Fechas asociadas al nombre 1916-2002-
Subdivisión general Biografías
9 (RLIN) 37337
830 1# - PUNTO DE ACCESO ADICIONAL DE SERIE-TÍTULO UNIFORME
Título uniforme Hombres de hoy ;
Designación de volumen o secuencia 11
9 (RLIN) 177808
852 4# - LOCALIZACIÓN
Ubicación ES-MaACL
Número de control de estantería L-14038
Holdings
Estatus retirado Estado de pérdida Estado de daño No para préstamo Biblioteca de origen Biblioteca actual Ubicación en estantería Fecha de adquisición Fuente de adquisición Total de préstamos Signatura topográfica completa Código de barras Visto por última vez Precio de reemplazo Tipo de ítem Koha
        Biblioteca del Ateneo de Madrid Biblioteca del Ateneo de Madrid Depósito 2 17/01/2008     L-14038 1006944 23/02/2023 23/02/2023 Libro impreso